Timeless Thomas : (Record no. 3834)

MARC details
000 -LEADER
fixed length control field 00963cam a2200253 a 4500
005 - DATE AND TIME OF LATEST TRANSACTION
control field 20240515160241.0
020 ## - INTERNATIONAL STANDARD BOOK NUMBER
International Standard Book Number 9780545727655
040 ## - CATALOGING SOURCE
Original cataloging agency DLC
Transcribing agency DLC
Modifying agency DLC
Language of cataloging eng
050 00 - LIBRARY OF CONGRESS CALL NUMBER
Classification number TK140.E3
Item number 2012
082 00 - DEWEY DECIMAL CLASSIFICATION NUMBER
Classification number 621.3092
100 1# - MAIN ENTRY--PERSONAL NAME
Personal name Barretta, Gene
245 10 - TITLE STATEMENT
Title Timeless Thomas :
Remainder of title how Thomas Edison changed our lives /
Statement of responsibility, etc. Gene Barretta.
250 ## - EDITION STATEMENT
Edition statement First Scholastic printing , April 2014
260 ## - PUBLICATION, DISTRIBUTION, ETC.
Place of publication, distribution, etc. New York :
Name of publisher, distributor, etc. Scholastic ;
Date of publication, distribution, etc. 2012
300 ## - PHYSICAL DESCRIPTION
Extent 36 pages :
Other physical details color illustrations ;
Dimensions 23 cm.
505 ## - FORMATTED CONTENTS NOTE
Formatted contents note Z <br/>
520 ## - SUMMARY, ETC.
Summary, etc. Shares a portrait of the inventor famed for such innovations as the incandescent lightbulb, batteries, and movie cameras, exploring his life-changing achievements and perseverance in the face of numerous failures.
521 ## - TARGET AUDIENCE NOTE
Target audience note 900 <br/>
Source Lexile <br/>
521 ## - TARGET AUDIENCE NOTE
Target audience note Z <br/>
Source Raz-Plus <br/>
650 #0 - SUBJECT ADDED ENTRY--TOPICAL TERM
Topical term or geographic name entry element Inventions
General subdivision History
Form subdivision Juvenile literature.
906 ## - LOCAL DATA ELEMENT F, LDF (RLIN)
a 7
b cbc
c orignew
d 1
e ecip
f 20
g y-gencatlg
942 ## - ADDED ENTRY ELEMENTS (KOHA)
Source of classification or shelving scheme Dewey Decimal Classification
Koha item type Books
Suppress in OPAC No
999 ## -
-- 3834
-- 3834
Holdings
Withdrawn status Lost status Source of classification or shelving scheme Damaged status Not for loan Collection Home library Current library Shelving location Date acquired Total Checkouts Full call number Barcode Date last seen Price effective from Koha item type
    Dewey Decimal Classification     Non-Fiction Footprints International School Library Network Toul Tom Poung Campus Footprints International School Library Network Toul Tom Poung Campus TTP Secondary Non-Fiction Bookshelves 05/15/2024   BAR 621.3092 TK140.E3 FISTK05596 05/15/2024 05/15/2024 Books